000 00852cab a22001935a 4500
001 L155465
008 120326e2012 xxk 000 0 eng d
035 _a(Sirsi) u155465
041 0 _aeng
110 2 _aEuroProperty
_91216
245 0 0 _aGround lease funds take off
260 _c2012
490 0 _aEuroProperty
_v19 March 2012, 10(1)
520 _aPramerica Real Estate Investors has launched the first commercial ground lease fund which although UK focused is already attracting interest from European investors. The fund's scope could soon be expanded to include property outside the UK. Ground leases are seen as a bond substitute. Summarises the history of the ground lease concept in the UK and outlines its modern development potential.
590 _aKA
651 4 _aUnited Kingdom
690 _aCommercial property
_96227
942 _n0
999 _c83871
_d83871